000 00294nam a2200121Ia 4500
008 220204s9999 xx 000 0 und d
082 _a630*81
_bSTE
100 _aStenzel, G
245 0 _aLogging and pulpwood production
250 _aEd.2
260 _aNew york
_bJohn wiley
_c1985
942 _cBK
999 _c40070
_d40070